Events Management / (Record no. 25763)
[ view plain ]
| 000 -LEADER | |
|---|---|
| fixed length control field | 00812nam a22002897a 4500 |
| 003 - CONTROL NUMBER IDENTIFIER | |
| control field | SISC |
| 005 - DATE AND TIME OF LATEST TRANSACTION | |
| control field | 20160819102224.0 |
| 008 - FIXED-LENGTH DATA ELEMENTS--GENERAL INFORMATION | |
| fixed length control field | 131212b xxu||||| |||| 00| 0 eng d |
| 020 ## - INTERNATIONAL STANDARD BOOK NUMBER | |
| International Standard Book Number | 9781856178181 |
| 050 ## - LIBRARY OF CONGRESS CALL NUMBER | |
| Classification number | GT 3405 |
| Item number | .B785 2011 |
| 100 ## - MAIN ENTRY--PERSONAL NAME | |
| Personal name | Bowdin, Glenn. |
| 245 ## - TITLE STATEMENT | |
| Title | Events Management / |
| Statement of responsibility, etc | Glenn A. J. Bowdin, [et. al.]. |
| 250 ## - EDITION STATEMENT | |
| Edition statement | 3rd edition. |
| 260 ## - PUBLICATION, DISTRIBUTION, ETC. (IMPRINT) | |
| Place of publication, distribution, etc | London : |
| Name of publisher, distributor, etc | Routledge, |
| Date of publication, distribution, etc | 2011. |
| 300 ## - PHYSICAL DESCRIPTION | |
| Extent | 739 pages : |
| Other physical details | ill. ; |
| Dimensions | 24 cm. |
| 500 ## - GENERAL NOTE | |
| General note | Includes bibliographical references and index. |
| 504 ## - BIBLIOGRAPHY, ETC. NOTE | |
| Bibliography, etc | |
| 650 ## - SUBJECT ADDED ENTRY--TOPICAL TERM | |
| Topical term or geographic name as entry element | Special events / Great Britain / Management. |
| 650 ## - SUBJECT ADDED ENTRY--TOPICAL TERM | |
| Topical term or geographic name as entry element | Management. |
| 650 ## - SUBJECT ADDED ENTRY--TOPICAL TERM | |
| Topical term or geographic name as entry element | Tourism. |
| 700 ## - ADDED ENTRY--PERSONAL NAME | |
| Personal name | Allen, Johnny. |
| 700 ## - ADDED ENTRY--PERSONAL NAME | |
| Personal name | O'Toole, William. |
| 700 ## - ADDED ENTRY--PERSONAL NAME | |
| Personal name | Harris, Rob. |
| 700 ## - ADDED ENTRY--PERSONAL NAME | |
| Personal name | McDonnal, Ian. |
| 942 ## - ADDED ENTRY ELEMENTS (KOHA) | |
| Source of classification or shelving scheme | Library of Congress Classification |
| Koha item type | Books |
| Call number prefix | Foreign |
| Withdrawn status | Lost status | Source of classification or shelving scheme | Damaged status | Home library | Current library | Shelving location | Date acquired | Source of acquisition | Total Checkouts | Full call number | Barcode | Date last seen | Copy number | Price effective from | Koha item type |
|---|---|---|---|---|---|---|---|---|---|---|---|---|---|---|---|
| Library of Congress Classification | College Library | College Library | General Circulation Section | 12/12/2013 | Donation | GT 3405 .B785 2011 | C17217 | 05/15/2018 | 1 | 12/12/2013 | Books |